000 00458cam a2200193 4500
001 D9399
008 090401t1983 xxu||||| |||| 00| 0 eng d
035 _a(Sirsi) u19348
041 _aeng
050 _a692.5
100 _aTurner, Dennis F
245 _aQuantity surveying: practice and administration
250 _a3rd
260 _aLondon
_bGeorge Godwin
_c1983
300 _axii. 292p. 23cm
350 _a8.95
942 _n0
948 _c04/03/1997
999 _c87668
_d87668